| 000 | 01018nam0a2200301 4500 | ||
|---|---|---|---|
| 001 | RU\NLR\bibl\935658 | ||
| 005 | 20250614193549.0 | ||
| 010 |
_a5-86181-239-X _93000 |
||
| 021 |
_aRU _b2006-13813 _9675 |
||
| 035 | _a(NLR Aleph) 000923860 | ||
| 090 |
_a116965 _c116965 |
||
| 100 | _a20060419d2005 |||y0rusy50 ca | ||
| 101 | 1 |
_arus _ceng |
|
| 102 | _aRU | ||
| 105 | _aa ||||||||| | ||
| 200 | 1 |
_aСлава Богу за мои духовные дары! _fНэнси Ру _g[пер. с англ.: О. Солнцева] |
|
| 210 |
_aМосква _cТриада _d2005 |
||
| 215 |
_a143 с. _cил. _d20 |
||
| 300 | _aЗагл. и авт. ориг.: The uniquely me book/ by Nancy Rue | ||
| 454 | 0 |
_12001#$aThe uniquely me book$fby Nancy Rue _1700#1$aRue$bN.$gNancy$4070 _tThe uniquely me book _aRue, Nancy |
|
| 686 |
_aШ9 _bН99 |
||
| 700 | 1 |
_aРу _bН. _gНэнси _4070 |
|
| 801 | 0 |
_aRU _bNLR _c20060419 _grcr |
|
| 801 | 1 |
_aRU _bNLR _c20060419 |
|
| 942 | _cBOOK | ||
| 980 | _aNB | ||